Nghiên cứu gia hóa và tạo tôm sú (Penaeus monodon) : Báo cáo khoa học đề tài cấp bộ
Đề tài nghiên cứu ảnh hưởng của thức ăn, nguồn gốc lên sự thành thục và sinh sản của tôm sú.
Đã lưu trong:
| 主要作者: | |
|---|---|
| 格式: | 图书 |
| 语言: | Undetermined |
| 出版: |
Cần Thơ
Trường Đại học Cần Thơ
2005
|
| 主题: | |
| 标签: |
添加标签
没有标签, 成为第一个标记此记录!
|
| Thư viện lưu trữ: | Trung tâm Học liệu Trường Đại học Cần Thơ |
|---|
| LEADER | 00851nam a2200205Ia 4500 | ||
|---|---|---|---|
| 001 | CTU_161640 | ||
| 008 | 210402s9999 xx 000 0 und d | ||
| 082 | |a 639.68 | ||
| 082 | |b Ph561 | ||
| 100 | |a Nguyễn, Thanh Phương | ||
| 245 | 0 | |a Nghiên cứu gia hóa và tạo tôm sú (Penaeus monodon) : | |
| 245 | 0 | |b Báo cáo khoa học đề tài cấp bộ | |
| 245 | 0 | |c Nguyễn Thanh Phương (Chủ nhiệm đề tài) | |
| 260 | |a Cần Thơ | ||
| 260 | |b Trường Đại học Cần Thơ | ||
| 260 | |c 2005 | ||
| 520 | |a Đề tài nghiên cứu ảnh hưởng của thức ăn, nguồn gốc lên sự thành thục và sinh sản của tôm sú. | ||
| 650 | |a Shrimp culture,Nuôi tôm | ||
| 904 | |i Trọng Hải | ||
| 980 | |a Trung tâm Học liệu Trường Đại học Cần Thơ | ||